书目信息 |
| 题名: |
现场综合化网络运营与维护
|
|
| 作者: | 李芳芳 , 张丽诺 , 张超 编著 | |
| 分册: | ||
| 出版信息: | 北京 电子工业出版社 2022.10 |
|
| 页数: | 303页 | |
| 开本: | 24cm | |
| 丛书名: | 数字化转型理论与实践系列丛书 | |
| 单 册: | ||
| 中图分类: | F626 | |
| 科图分类: | ||
| 主题词: | 电信企业--dian xin qi ye--运营管理 | |
| 电子资源: | ||
| ISBN: | 978-7-121-44273-5 | |
| 000 | 01848nam 2200325 450 | |
| 001 | CAL 012022043100 | |
| 005 | 20230217093113.0 | |
| 010 | @a978-7-121-44273-5@dCNY88.00 | |
| 100 | @a20221031d2022 em y0chiy0120 ea | |
| 101 | 0 | @achi |
| 102 | @aCN@b110000 | |
| 105 | @aak z 000yy | |
| 106 | @ar | |
| 200 | 1 | @a现场综合化网络运营与维护@Axian chang zong he hua wang luo yun ying yu wei hu@e运营商数字化转型技术与实践@f李芳芳, 张丽诺, 张超编著 |
| 210 | @a北京@c电子工业出版社@d2022.10 | |
| 215 | @a303页@c图@d24cm | |
| 225 | 2 | @a数字化转型理论与实践系列丛书@Ashu zi hua zhuan xing li lun yu shi jian xi lie cong shu |
| 300 | @a数字化转型知识赋能工程 | |
| 314 | @a李芳芳, 高级工程师, 中国电信集团有限公司高级项目经理, 长期从事无线网和现场综合化维护运营管理工作。张丽诺, 中国电信股份有限公司研究院副总监, 一直从事传送网运营支撑工作, 对中国电信传送网及承载业务有深入的研究和了解。张超, 中国电信股份有限公司研究院工程师, 从事传送网运营支撑工作, 主要负责中国电信现场综合化维护和传送网方面的管理, 在现场综合化维护数字化转型及科技创新方面有深入的研究。 | |
| 330 | @a本书作为中国电信现场综合化维护数字化转型实践方面的一部专著, 重点介绍了在中国电信“云改数转”背景下现场综合化维护 (简称综维) 应知应会的基础内容, 不仅对综维的生产流程标准化、场景化、工单电子化、AI智能化和综维App功能实现进行了介绍, 还分享了AI技术在维护作业计划、无源光网络资源管理、智能监控场景应用等方面的现场综合化维护的数字化转型优秀案例。 | |
| 410 | 0 | @12001 @a数字化转型理论与实践系列丛书 |
| 517 | 1 | @a运营商数字化转型技术与实践@Ayun ying shang shu zi hua zhuan xing ji shu yu shi jian |
| 606 | 0 | @a电信企业@Adian xin qi ye@x运营管理 |
| 690 | @aF626@v5 | |
| 701 | 0 | @a李芳芳@Ali fang fang@4编著 |
| 701 | 0 | @a张丽诺@Azhang li nuo@4编著 |
| 701 | 0 | @a张超@Azhang chao@4编著 |
| 801 | 0 | @aCN@bBJXHZP@c20230228 |
| 905 | @b1380587-90@dF626@e22@f4 | |
| 906 | @aRTGM | |
| 现场综合化网络运营与维护:运营商数字化转型技术与实践/李芳芳, 张丽诺, 张超编著.-北京:电子工业出版社,2022.10 |
| 303页:图;24cm.-(数字化转型理论与实践系列丛书) |
| 数字化转型知识赋能工程 |
| ISBN 978-7-121-44273-5:CNY88.00 |
| 本书作为中国电信现场综合化维护数字化转型实践方面的一部专著, 重点介绍了在中国电信“云改数转”背景下现场综合化维护 (简称综维) 应知应会的基础内容, 不仅对综维的生产流程标准化、场景化、工单电子化、AI智能化和综维App功能实现进行了介绍, 还分享了AI技术在维护作业计划、无源光网络资源管理、智能监控场景应用等方面的现场综合化维护的数字化转型优秀案例。 |
| ● |
| 相关链接 |
|
|
|
|
正题名:现场综合化网络运营与维护
索取号:F626/22
 
预约/预借
| 序号 | 登录号 | 条形码 | 馆藏地/架位号 | 状态 | 备注 |
| 1 | 1380587 | 213805872 | 第一样本阅览室/ [索取号:F626/22] | 在馆 | |
| 2 | 1380588 | 213805881 | 第一借阅区/ [索取号:F626/22] | 在馆 | |
| 3 | 1380589 | 213805890 | 第一借阅区/ [索取号:F626/22] | 在馆 | |
| 4 | 1380590 | 213805907 | 第一借阅区/ [索取号:F626/22] | 在馆 |